000 00639nam a2200193Ia 4500
008 240729s9999 xx 000 0 und d
022 _a2397-4648
245 0 _anpj Quantum Materials
260 _aUnited Kingdom
260 _bNature Portfolio
650 _a Atomic physics. Constitution and properties of matter
650 _a Electrical engineering. Electronics. Nuclear engineering
650 _a Materials of engineering and construction. Mechanics of materials | Science
650 _a Physics
650 _aTechnology
856 _uhttps://doaj.org/toc/0de69adac2a94d52a30969855fca1536
942 _2ddc
942 _cDOAJEJ
999 _c74533
_d74533
945 _a1
_bMadushi Gamage
_c1
_dMadushi Gamage